[Event "Titled Tuesday intern op 09th Aug Early"]
[Site "Chess.com INT"]
[Date "2022.08.09"]
[Round "3"]
[White "Yurovskich, Oleksandr"]
[Black "Belov, Vladimir"]
[Result "0-1"]
[WhiteElo "2328"]
[BlackElo "2598"]
[PlyCount "90"]
[EventDate "2022.08.09"]
[EventType "swiss (blitz)"]
[EventRounds "11"]
[EventCountry "USA"]
[SourceTitle "EXT 2023"]
[Source "ChessBase"]
[SourceDate "2022.10.05"]
[SourceVersion "1"]
[SourceVersionDate "2022.10.05"]
[SourceQuality "1"]

1. d4 Nf6 2. Nf3 g6 3. Bg5 Bg7 4. Nbd2 0-0 5. c3 d5 6. e3 c5 7. Be2 Nc6 8. 0-0 Qb6 9. Qb3 c4 10. Qc2 Bf5 11. Qc1 Qc7 12. b3 b5 13. a4 a6 14. Qb2 Rab8 15. Bf4 Qd7 16. Bxb8 Rxb8 17. axb5 axb5 18. b4 h6 19. Ra6 g5 20. Rfa1 Kh7 21. Bd1 e6 22. Bc2 Ng8 23. Qb1 Nge7 24. e4 Bg6 25. e5 Nf5 26. g4 Nfe7 27. h4 gxh4 28. Nxh4 Bxc2 29. Qxc2+ Kg8 30. f4 f6 31. Ng6 fxe5 32. fxe5 Qe8 33. Nxe7+ Nxe7 34. Rxe6 Qf7 35. Rea6 Qf4 36. Nf1 Rf8 37. Qg2 Kh7 38. Ra7 Ng6 39. Rd7 Nh4 40. Qg3 Nf3+ 41. Kg2 Qe4 42. Kh3 Ng5+ 43. Kh4 Rf3 44. Raa7 Rxg3 45. Rxg7+ Kh8 0-1

[Event "Titled Tuesday intern op 25th Jan"]
[Site "Chess.com INT"]
[Date "2022.01.25"]
[Round "1"]
[White "Belov, Vladimir"]
[Black "Garcia Martin, Marta"]
[Result "0-1"]
[WhiteElo "2598"]
[BlackElo "2299"]
[PlyCount "62"]
[EventDate "2022.01.25"]
[EventType "swiss (blitz)"]
[EventRounds "11"]
[EventCountry "USA"]
[SourceTitle "CBM 206 Extra"]
[Source "ChessBase"]
[SourceDate "2022.03.31"]
[SourceVersion "1"]
[SourceVersionDate "2022.03.31"]
[SourceQuality "1"]

1. d4 b6 2. e4 Bb7 3. Bd3 e6 4. Nf3 c5 5. c3 Nf6 6. Qe2 d5 7. e5 Nfd7 8. a3 a5 9. Nbd2 Ba6 10. Nf1 Bxd3 11. Qxd3 Qc8 12. Ng3 Qa6 13. Qe3 Nc6 14. Ne2 Rc8 15. 0-0 Be7 16. Nf4 0-0 17. Nh5 a4 18. Rd1 Na5 19. Qf4 Nb3 20. Qg4 g6 21. Rb1 Nxc1 22. Rbxc1 cxd4 23. Rxd4 Qe2 24. Re1 Qxb2 25. Rf4 Rxc3 26. Nf6+ Bxf6 27. exf6 Rc1 28. h4 Nxf6 29. Qg5 Rxe1+ 30. Nxe1 Ne4 31. Qe7 Qc1 0-1

[Event "Titled Tuesday intern op 25th Jan"]
[Site "Chess.com INT"]
[Date "2022.01.25"]
[Round "7"]
[White "Bethke, Richard"]
[Black "Belov, Vladimir"]
[Result "1-0"]
[WhiteElo "2327"]
[BlackElo "2598"]
[PlyCount "147"]
[EventDate "2022.01.25"]
[EventType "swiss (blitz)"]
[EventRounds "11"]
[EventCountry "USA"]
[SourceTitle "CBM 206 Extra"]
[Source "ChessBase"]
[SourceDate "2022.03.31"]
[SourceVersion "1"]
[SourceVersionDate "2022.03.31"]
[SourceQuality "1"]

1. e4 c5 2. Nf3 d6 3. d4 cxd4 4. Nxd4 Nf6 5. Nc3 a6 6. Be3 e5 7. Nf3 Be7 8. Bc4 0-0 9. 0-0 Nc6 10. Bg5 Be6 11. Bb3 Na5 12. Bxf6 Bxf6 13. Nd2 Nxb3 14. axb3 d5 15. exd5 Bxd5 16. Nde4 Bc6 17. Qe2 Qe7 18. Nxf6+ Qxf6 19. Rfe1 Rfe8 20. Rad1 Qg6 21. f3 Rac8 22. Rd2 h5 23. Qf2 h4 24. Rde2 f6 25. Ne4 Red8 26. Qxh4 Bb5 27. Rf2 Rd4 28. c3 Rd3 29. Qg3 Qxg3 30. Nxg3 Rcd8 31. h4 Kf7 32. Kh2 a5 33. Ra1 b6 34. Ne4 Bc6 35. Re2 Bd5 36. Nf2 Bxb3 37. Nxd3 Rxd3 38. Rae1 Rd6 39. f4 exf4 40. Re7+ Kg6 41. Rc7 Rd2 42. Ree7 f3 43. Rxg7+ Kf5 44. Rg3 Bd5 45. Rd7 f2 46. Rxd5+ Rxd5 47. Rf3+ Kg6 48. Rxf2 b5 49. g4 Rd3 50. h5+ Kg5 51. Rg2 b4 52. cxb4 axb4 53. Rg3 Rd2+ 54. Kh3 Rxb2 55. Rf3 Rc2 56. Rf5+ Kh6 57. Rxf6+ Kg7 58. Rb6 Rc3+ 59. Kh4 Rc4 60. Kg5 Rc5+ 61. Kf4 Rc4+ 62. Kg3 Rd4 63. g5 Rc4 64. Rb7+ Kg8 65. h6 Kh8 66. g6 Rc8 67. Rxb4 Kg8 68. Rb7 Rc3+ 69. Kf4 Rc4+ 70. Ke5 Rc5+ 71. Kd6 Rc8 72. Rd7 Rf8 73. Ke7 Kh8 74. Rd8 1-0

[Event "Titled Tuesday intern op 25th Jan"]
[Site "Chess.com INT"]
[Date "2022.01.25"]
[Round "11"]
[White "Martin Duque, Jesus"]
[Black "Belov, Vladimir"]
[Result "1/2-1/2"]
[WhiteElo "2406"]
[BlackElo "2598"]
[PlyCount "88"]
[EventDate "2022.01.25"]
[EventType "swiss (blitz)"]
[EventRounds "11"]
[EventCountry "USA"]
[SourceTitle "CBM 206 Extra"]
[Source "ChessBase"]
[SourceDate "2022.03.31"]
[SourceVersion "1"]
[SourceVersionDate "2022.03.31"]
[SourceQuality "1"]

1. Nf3 Nf6 2. b3 g6 3. Bb2 Bg7 4. g3 0-0 5. Bg2 c5 6. c4 Nc6 7. 0-0 d6 8. d4 cxd4 9. Nxd4 Bd7 10. Nc3 Rc8 11. Nc2 a6 12. Qd2 Qa5 13. Rfd1 Qh5 14. Ne3 Bh3 15. Rac1 Bxg2 16. Kxg2 Rfe8 17. Ncd5 Nxd5 18. Nxd5 Bxb2 19. Qxb2 Qe5 20. Qxe5 Nxe5 21. f4 Nd7 22. e4 Kf8 23. h4 h5 24. Kf3 e6 25. Ne3 Ke7 26. Rd2 Nf6 27. Rcd1 Red8 28. a4 a5 29. Nc2 d5 30. exd5 exd5 31. Ne3 dxc4 32. Nxc4 Rxd2 33. Rxd2 Nd7 34. Rxd7+ Kxd7 35. Nb6+ Kc7 36. Nxc8 Kxc8 37. f5 Kd7 38. Kf4 Ke7 39. fxg6 fxg6 40. Ke5 b6 41. Kd5 Kd7 42. Ke5 Ke7 43. Kd5 Kd7 44. Ke5 Ke7 1/2-1/2

[Event "Titled Tuesday intern op 25th Jan"]
[Site "Chess.com INT"]
[Date "2022.01.25"]
[Round "5"]
[White "Perske, Thore"]
[Black "Belov, Vladimir"]
[Result "1/2-1/2"]
[WhiteElo "2455"]
[BlackElo "2598"]
[PlyCount "115"]
[EventDate "2022.01.25"]
[EventType "swiss (blitz)"]
[EventRounds "11"]
[EventCountry "USA"]
[SourceTitle "CBM 206 Extra"]
[Source "ChessBase"]
[SourceDate "2022.03.31"]
[SourceVersion "1"]
[SourceVersionDate "2022.03.31"]
[SourceQuality "1"]

1. e4 c6 2. d4 d5 3. e5 Bf5 4. Nf3 e6 5. Be2 Ne7 6. 0-0 Bg6 7. c3 Nf5 8. Nbd2 a6 9. a4 c5 10. dxc5 Bxc5 11. Nb3 Nd7 12. Nxc5 Nxc5 13. Nd4 0-0 14. Nxf5 Bxf5 15. Be3 Rc8 16. a5 Qc7 17. Bd4 Nd7 18. f4 f6 19. exf6 Nxf6 20. Bxf6 Rxf6 21. Qd4 Be4 22. g3 Rcf8 23. Bd3 Bxd3 24. Qxd3 Rc8 25. Qd4 Qc4 26. Qxc4 Rxc4 27. Rfd1 Rf8 28. Ra3 Rfc8 29. Rb3 R8c7 30. Re1 Kf7 31. Kf2 R4c5 32. Rb6 R5c6 33. Rb4 Rc5 34. Rb6 R5c6 35. Rb4 h6 36. h4 h5 37. Re3 Kf6 38. Kf3 g6 39. Re5 Rc5 40. Rb6 Re7 41. Ke3 Rxa5 42. b4 Ra3 43. Kd3 Ra1 44. Kc2 Rg1 45. Re3 Rf1 46. Kd3 Rc1 47. Kd2 Rg1 48. Kd3 Kf5 49. Re5+ Kf6 50. Re3 Rb1 51. Kc2 Rh1 52. Kd3 Kf7 53. Kc2 Rg1 54. Kd3 Rf1 55. Kc2 Kf6 56. Kd3 Kf5 57. Re5+ Kf6 58. Re3 1/2-1/2

[Event "Wch Blitz"]
[Site "Moscow"]
[Date "2019.12.30"]
[Round "20"]
[White "Ganguly, Surya Shekhar"]
[Black "Belov, Vladimir"]
[Result "1-0"]
[WhiteElo "2633"]
[BlackElo "2598"]
[PlyCount "68"]
[EventDate "2019.12.29"]
[EventType "swiss (blitz)"]
[EventRounds "21"]
[EventCountry "RUS"]
[SourceTitle "CBM 193 Extra"]
[Source "ChessBase"]
[SourceDate "2020.01.31"]
[SourceVersion "1"]
[SourceVersionDate "2020.01.31"]
[SourceQuality "1"]

1. Nf3 c5 2. e4 d6 3. d4 cxd4 4. Nxd4 Nf6 5. Nc3 a6 6. Qe2 e6 7. g4 b5 8. Bg2 Bb7 9. g5 Nfd7 10. a3 Nc6 11. Nxc6 Bxc6 12. h4 Rc8 13. h5 Be7 14. f4 h6 15. g6 Bh4+ 16. Kf1 fxg6 17. Qg4 Bf6 18. Qxg6+ Kf8 19. Be3 Bxc3 20. bxc3 Qf6 21. Qg3 Kg8 22. Rd1 Qxc3 23. Rxd6 Nf6 24. Rg1 Nxh5 25. Qh3 Qc4+ 26. Ke1 Nf6 27. Bf1 Qc3+ 28. Kd1 Bxe4 29. Qxe6+ Kh7 30. Rxg7+ Kxg7 31. Qe7+ Kg6 32. Qxe4+ Kf7 33. Qe6+ Kg7 34. Qe7+ Kg6 1-0

[Event "Wch Blitz"]
[Site "Moscow"]
[Date "2019.12.30"]
[Round "13"]
[White "Reshetnikov, Alexey"]
[Black "Belov, Vladimir"]
[Result "1-0"]
[WhiteElo "2492"]
[BlackElo "2598"]
[PlyCount "61"]
[EventDate "2019.12.29"]
[EventType "swiss (blitz)"]
[EventRounds "21"]
[EventCountry "RUS"]
[SourceTitle "CBM 193 Extra"]
[Source "ChessBase"]
[SourceDate "2020.01.31"]
[SourceVersion "1"]
[SourceVersionDate "2020.01.31"]
[SourceQuality "1"]

1. c4 c5 2. Nc3 Nf6 3. Nf3 e6 4. g3 b6 5. Bg2 Bb7 6. 0-0 Be7 7. d4 cxd4 8. Qxd4 d6 9. b3 0-0 10. Ba3 Na6 11. Rad1 Nc5 12. Bb2 a6 13. Qf4 Qc7 14. g4 e5 15. Qg3 Nce4 16. Nxe4 Nxe4 17. Qh3 b5 18. Rc1 Qa5 19. a3 Rac8 20. b4 Qb6 21. c5 dxc5 22. Nxe5 Qe6 23. Qe3 f5 24. gxf5 Qxf5 25. Bh3 Qh5 26. Bg4 Qh4 27. Bxc8 Rxc8 28. bxc5 Bd5 29. f3 Bg5 30. Qd4 Bxc1 31. Qxd5+ 1-0

[Event "Wch Blitz"]
[Site "Moscow"]
[Date "2019.12.30"]
[Round "18"]
[White "Samsonkin, Artiom"]
[Black "Belov, Vladimir"]
[Result "1/2-1/2"]
[WhiteElo "2428"]
[BlackElo "2598"]
[PlyCount "49"]
[EventDate "2019.12.29"]
[EventType "swiss (blitz)"]
[EventRounds "21"]
[EventCountry "RUS"]
[SourceTitle "CBM 193 Extra"]
[Source "ChessBase"]
[SourceDate "2020.01.31"]
[SourceVersion "1"]
[SourceVersionDate "2020.01.31"]
[SourceQuality "1"]

1. e4 c5 2. Nf3 d6 3. d4 cxd4 4. Qxd4 Nc6 5. Bb5 Bd7 6. Bxc6 Bxc6 7. Nc3 h6 8. 0-0 Nf6 9. Qd3 e6 10. Nd4 Rc8 11. Be3 a6 12. h3 Be7 13. Rad1 Qc7 14. Nxc6 Qxc6 15. Rfe1 b5 16. a3 0-0 17. Bd4 Qb7 18. Qg3 a5 19. Bxf6 Bxf6 20. Rxd6 b4 21. axb4 axb4 22. e5 Bxe5 23. Qxe5 bxc3 24. bxc3 Qb2 25. Re3 1/2-1/2

[Event "Wch Blitz"]
[Site "Moscow"]
[Date "2019.12.29"]
[Round "1"]
[White "Belov, Vladimir"]
[Black "Pogosyan, Stefan"]
[Result "1-0"]
[WhiteElo "2598"]
[BlackElo "2459"]
[PlyCount "67"]
[EventDate "2019.12.29"]
[EventType "swiss (blitz)"]
[EventRounds "21"]
[EventCountry "RUS"]
[SourceTitle "CBM 193 Extra"]
[Source "ChessBase"]
[SourceDate "2020.01.31"]
[SourceVersion "1"]
[SourceVersionDate "2020.01.31"]
[SourceQuality "1"]

1. d4 Nf6 2. c4 e6 3. Nf3 b6 4. g3 Ba6 5. Qc2 Bb7 6. Bg2 c5 7. d5 exd5 8. cxd5 Nxd5 9. 0-0 Be7 10. Rd1 Nc6 11. a3 Nc7 12. Nc3 0-0 13. Bf4 Ne6 14. e3 Nxf4 15. gxf4 Re8 16. Rd2 d6 17. Rad1 Bf8 18. Ng5 g6 19. Bd5 Re7 20. Nce4 h6 21. Nxd6 Qxd6 22. Bxf7+ Rxf7 23. Rxd6 hxg5 24. Rxc6 Bxc6 25. Qxg6+ Rg7 26. Qxc6 gxf4+ 27. Kf1 Rb8 28. Qe6+ Kh7 29. Rd5 Re7 30. Rh5+ Kg7 31. Qg4+ Kf7 32. Qxf4+ Kg6 33. Rg5+ Kh7 34. Qxb8 1-0

[Event "Wch Blitz"]
[Site "Moscow"]
[Date "2019.12.29"]
[Round "2"]
[White "Carlsen, Magnus"]
[Black "Belov, Vladimir"]
[Result "1-0"]
[WhiteElo "2872"]
[BlackElo "2598"]
[PlyCount "61"]
[EventDate "2019.12.29"]
[EventType "swiss (blitz)"]
[EventRounds "21"]
[EventCountry "RUS"]
[SourceTitle "CBM 193 Extra"]
[Source "ChessBase"]
[SourceDate "2020.01.31"]
[SourceVersion "1"]
[SourceVersionDate "2020.01.31"]
[SourceQuality "1"]

1. e4 c6 2. d4 d5 3. exd5 cxd5 4. Bd3 Nc6 5. c3 Nf6 6. Bf4 Bg4 7. Qb3 Qd7 8. Nd2 e6 9. Ngf3 Bd6 10. Ne5 Qc7 11. 0-0 0-0 12. Rae1 Bh5 13. Bg3 Bg6 14. Nxg6 hxg6 15. Nf3 Rab8 16. Qc2 Rfc8 17. Qe2 Ne7 18. Bxd6 Qxd6 19. Ne5 Nf5 20. g4 Ne7 21. f4 a6 22. Qg2 b5 23. f5 exf5 24. gxf5 Nxf5 25. Bxf5 gxf5 26. Rxf5 b4 27. Ref1 Kf8 28. Rg5 bxc3 29. Rxg7 cxb2 30. Rxf7+ Ke8 31. Qg6 1-0

[Event "Wch Blitz"]
[Site "Moscow"]
[Date "2019.12.29"]
[Round "6"]
[White "Murzin, Volodar"]
[Black "Belov, Vladimir"]
[Result "1-0"]
[WhiteElo "2442"]
[BlackElo "2598"]
[PlyCount "121"]
[EventDate "2019.12.29"]
[EventType "swiss (blitz)"]
[EventRounds "21"]
[EventCountry "RUS"]
[SourceTitle "CBM 193 Extra"]
[Source "ChessBase"]
[SourceDate "2020.01.31"]
[SourceVersion "1"]
[SourceVersionDate "2020.01.31"]
[SourceQuality "1"]

1. e4 c6 2. Nf3 d5 3. Nc3 dxe4 4. Nxe4 Nf6 5. Nxf6+ exf6 6. Bc4 Bd6 7. Qe2+ Be7 8. 0-0 0-0 9. d4 Bg4 10. c3 Nd7 11. Bd3 Bh5 12. Qe4 Bg6 13. Qe2 Re8 14. Bxg6 hxg6 15. Qc2 Bd6 16. Be3 f5 17. Rae1 Nf6 18. Bc1 Qc7 19. h3 c5 20. Rxe8+ Rxe8 21. Re1 Rxe1+ 22. Nxe1 cxd4 23. cxd4 Qd7 24. Nf3 Ne4 25. Qc4 Bc7 26. Be3 b5 27. Qc2 a5 28. d5 Nf6 29. Qc6 Qxc6 30. dxc6 Kf8 31. Nd4 Ke7 32. Nxb5 Kd8 33. Bd4 Nd5 34. Bxg7 Nb4 35. a3 Nxc6 36. Kf1 Bb6 37. Ke2 Kd7 38. Bc3 Ke6 39. f3 Kd5 40. Kd3 a4 41. Bg7 Ne5+ 42. Bxe5 Kxe5 43. Nc3 Bd8 44. Nxa4 Kf4 45. Ke2 Kg3 46. Kf1 Kf4 47. Kf2 Bh4+ 48. Ke2 Kg3 49. Kf1 Kf4 50. Nb6 Ke3 51. a4 Bd8 52. Nc4+ Kd4 53. Nd6 f6 54. Ke2 Kd5 55. Nb5 Kc4 56. h4 Kb3 57. Nd4+ Kxa4 58. Nc6 Bc7 59. Ne7 Kb3 60. Nxg6 Kxb2 61. h5 1-0

[Event "Wch Blitz"]
[Site "Moscow"]
[Date "2019.12.29"]
[Round "7"]
[White "Triapishko, Alexandr"]
[Black "Belov, Vladimir"]
[Result "1/2-1/2"]
[WhiteElo "2502"]
[BlackElo "2598"]
[PlyCount "58"]
[EventDate "2019.12.29"]
[EventType "swiss (blitz)"]
[EventRounds "21"]
[EventCountry "RUS"]
[SourceTitle "CBM 193 Extra"]
[Source "ChessBase"]
[SourceDate "2020.01.31"]
[SourceVersion "1"]
[SourceVersionDate "2020.01.31"]
[SourceQuality "1"]

1. Nf3 c5 2. c4 Nc6 3. Nc3 e5 4. e3 Nf6 5. d4 e4 6. d5 exf3 7. dxc6 dxc6 8. Qxd8+ Kxd8 9. gxf3 Kc7 10. b3 Be7 11. Bb2 Bf5 12. Ne2 Rad8 13. Ng3 Be6 14. Ne4 Nxe4 15. fxe4 Rhg8 16. h4 h5 17. Bh3 Bxh3 18. Rxh3 b5 19. Ke2 Rd7 20. Rd1 Rxd1 21. Kxd1 Kd7 22. f4 g6 23. Kc2 Ke6 24. Rh1 Rb8 25. Bc3 a5 26. a4 b4 27. Bb2 Rd8 28. Rh2 Rd7 29. Rh1 Rd8 1/2-1/2